Los procesos constitucionales (Registro nro. 158582)
[ vista simple ]
| 000 -LEADER | |
|---|---|
| fixed length control field | 00999ny a22002293n 4500 |
| 008 - FIXED-LENGTH DATA ELEMENTS--GENERAL INFORMATION | |
| fixed length control field | 061220s2006 pe 00 u0 spa d |
| 020 ## - INTERNATIONAL STANDARD BOOK NUMBER | |
| International Standard Book Number | 9789972224331 |
| 035 ## - | |
| -- | 4877 |
| 040 ## - CATALOGING SOURCE | |
| Original cataloging agency | NoBUC-Mpons |
| Modifying agency | vLex |
| 090 ## - | |
| -- | 41 |
| -- | 41 |
| 100 1# - MAIN ENTRY--PERSONAL NAME | |
| Personal name | Pérez Tremps, Pablo |
| 245 14 - TITLE STATEMENT | |
| Title | Los procesos constitucionales |
| Medium | [Recurso electrónico] |
| Remainder of title | la experiencia española / |
| Statement of responsibility, etc | Pablo Pérez Tremps |
| 256 ## - | |
| -- | Servicio en línea |
| 260 ## - PUBLICATION, DISTRIBUTION, ETC. (IMPRINT) | |
| Place of publication, distribution, etc | Lima : |
| Name of publisher, distributor, etc | Palestra editores, |
| Date of publication, distribution, etc | 2006 |
| 300 ## - PHYSICAL DESCRIPTION | |
| Extent | 173 p. ; |
| Dimensions | 24 cm. |
| 506 1# - RESTRICTIONS ON ACCESS NOTE | |
| Terms governing access | Contenido solo disponible en los productos indicados |
| Authorized users | vLex Global |
| -- | vLex Global (Academic Edition, excluding Law Schools) |
| -- | vLex Global (U.S. Academic Edition, Law Schools) |
| -- | vLex Global (U.S. Academic Edition, excluding Law Schools) |
| -- | vLex Global (Academic Edition, Law Schools) |
| 650 04 - SUBJECT ADDED ENTRY--TOPICAL TERM | |
| Topical term or geographic name as entry element | Tribunales constitucionales |
| Geographic subdivision | España |
| 740 0# - | |
| -- | vLex Libros (Servicios en línea) |
| 856 40 - LOCALIZACIÓN Y ACCESO ELECTRÓNICO | |
| Identificador Uniforme del Recurso (URI/URL) | http://vlex.com/account/login_ip?fuente_id=4877 |
| 942 ## - | |
| -- | RAA |
| 999 ## - | |
| -- | 158582 |
| -- | 158582 |
No hay ítems disponibles.